000 00271nam a2200109Ia 4500
008 220120s9999||||xx |||||||||||||| ||und||
100 _aGovindegowda, M.S
_911654
245 0 _aText book of turbo machines
260 _c2005
300 _b0
650 _aPROGRAMMING LANGUAGE
999 _c136757
_d136757